| 000 | 00765nam a2200205Ii 4500 | ||
|---|---|---|---|
| 003 | JO-AjNU | ||
| 008 | 230605s9999||||xx |||||||||||||| ||und|| | ||
| 040 |
_aJO-AjNU _bara _erda _cJO-AjNU |
||
| 041 | _aara | ||
| 050 | 1 | 4 | _aHG4026.A27 2018 |
| 100 | 3 |
_aالعارضي، جليل كاظم مدلول, _eauthor _958115 |
|
| 245 | 0 | 0 | _aالإدارة المالية المتقدمة: مفاهيم نظرية وتطبيقات عملية |
| 250 | _aط1 | ||
| 264 | 3 | 1 | _aعمان: دار صفاء للطباعة والنشر والتوزيع، 2018 |
| 300 | _a584ص | ||
| 336 |
_atext _btxt _2rdacontent |
||
| 337 |
_aunmediated _bn _2rdamedia |
||
| 338 |
_avolume _bnc _2rdacarrier |
||
| 650 | 4 |
_aالإدارة المالية - المحاسبة المالية _958116 |
|
| 999 |
_aA26081 _c29649 _d29649 |
||